000 00697nam a22002417a 4500
008 130610b xxu||||| |||| 00| 0 eng d
020 _a81-7648-926-3
024 _cAvailable
037 _cAvailable
040 _aMBSTU LIBRARY
_dMBSTU LIBRARY
082 _222
_a641.4 MAF
100 _aMahindru, S.N.
245 _aFood preservation and irradiation.
260 _aNew Delhi
_bAPH Publishing Corporation.
_c2009
300 _a22 cm.
_b231 page
_f9
_g22 cm.
600 _2Food preservation.
650 _2Food preservation
700 _aMahindru, S.N.
270 _aNew Delhi
_bNew Delhi
_dIndia
365 _b784.00
_d784.00
942 _2ddc
_cBK
999 _c442
_d442